000 00404pam a2200157a 44500
008 230405s2010 xxu||||| |||| 00| 0 eng d
041 _aENG
100 _aBHARGARA N N
245 _aBASIC ELECTRONICS &LINEAR CIRCUIET
260 _aNEWDELHI
_bMCGRAW HILL
_c2010
300 _a490p.
440 _aSOURCE=SANKAPAL BOOK SELLERS SANGLI
650 _aVOCATIONAL
690 _aVOCATIONAL
906 _a10350
999 _c790566
_d790566